Aller au contenu
VuFind
Langue
English
Deutsch
Español
Français
Italiano
日本語
Nederlands
Português
Português (Brasil)
中文(简体)
中文(繁體)
Türkçe
עברית
Gaeilge
Cymraeg
Ελληνικά
Català
Euskara
Русский
Čeština
Suomi
Svenska
polski
Dansk
slovenščina
اللغة العربية
বাংলা
Galego
Tiếng Việt
Hrvatski
हिंदी
Tous les champs
Titre
Auteur
Sujet
Cote
ISBN/ISSN
Tag
Rechercher
Recherche avancée
Réinitialiser les filtres
Suggestion de sujets:
Networked Oracle
Réinitialiser les filtres
Montrer les filtres (1)
Suggestion de sujets:
Networked Oracle
Rechercher
ZZZZZZ25
Citer
Envoyer par courriel
Imprimer
Exporter les notices
Exporter vers RefWorks
Exporter vers EndNoteWeb
Exporter vers EndNote
permanent_link
Chargement en cours...
ZZZZZZ25
Détails bibliographiques
Langue:
English
Exemplaires
Description
Documents similaires
Affichage MARC
LEADER
00186nam a22000857a 4500
005
20160323130600.0
008
130125t xxu||||| |||| 00| 0 eng d
245
|a
ZZZZZZ25
942
|c
BK
|6
_
999
|c
160119
|d
160119
Documents similaires
ZZZZZZ24
ZZZZZZ32
ZZZZZZ22
ZZZZZZ23
25 lokacinemakal(25 ലോകസിനിമകൾ )
par: Ramachandran G P(രാമചന്ദ്രൻ ജി പി)
Publié: (2010)
Chargement en cours...